Тестове по природознание и биология (Запис номер 168351)
[ съкратено ]
| 000 -Лидер | |
|---|---|
| Контролно поле с фиксирана дължина | nam a22 a 4500 |
| 003 - Код на организацията, давaща контролен номер | |
| Контролно поле | BLK |
| 005 - Дата и час на последна редакция | |
| Контролно поле | 20230419112637.0 |
| 008 - Елементи от данни с фиксирана дължина | |
| fixed length control field | 180411b bul|||||r ||||||| ||bul|| |
| 010 ## - Наследен системен номер | |
| LC control number | KNG00176235000 |
| 020 ## - Международен стандартен номер на книга ISBN | |
| Международен стандартен номер на книга ISBN | 954-561-002-6 |
| 040 ## - Източник на каталожния запис | |
| Идентификатор на билиотеката - собственик на записа | BLK |
| 041 ## - Код за език | |
| Код за езика на текст/звукозапис или на отделно заглавие | Български |
| Код за езика КДБФ | Български |
| 080 ## - УДК | |
| Текстов определител УДК | Биология в основното училище |
| УДК код - определител по УДК | 372.857 |
| УДК определител | (079)(075.2) |
| УДК - код + определител | 372.857(079)(075.2) |
| 100 1# - Редна дума - Автор | |
| Автор | Кабасанова, Мария Сивкова |
| Авторска отговорност | първи автор |
| R(LIN) | 363497 |
| 139 ## - Редно поле | |
| Редна дума | Кабасанова, Мария Сивкова и др. |
| Авторски знак | Kac - K 12 |
| 245 10 - Сведения за заглавието | |
| Заглавие | Тестове по природознание и биология |
| Подзаглавни данни | За ІV, V и VI кл. |
| Редно поле (дума) | Мария Сивкова Кабасанова; съавт. Величка Атанасова Димитрова; съавт. Галя Цветанова Ставрева. |
| 257 ## - Страна на издаване | |
| Страна на създаване/издаване | България |
| 260 ## - Област на издателските данни | |
| Място на издаване, разпространение и проч. | Пловдив |
| Име на издателя, разпространителя и проч. | Макрос 2000 |
| Година на издаване | 1992 |
| 300 ## - Физическа характеристика | |
| Страници | 142 с. |
| Илюстрации и др. | с ил., табл. |
| Размери/Мащаб | 24 см |
| 380 ## - Жанр | |
| Жанр | Обществени науки |
| 500 ## - Общи забележки | |
| Забележка | 3 000 тир. |
| 650 #4 - Допълнително описание по предмет – тема | |
| Основно описание – тема или топоним | Природознание - тестове - учебници за основни училища |
| 9 (RLIN) | 242378 |
| 650 #4 - Допълнително описание по предмет – тема | |
| Основно описание – тема или топоним | Биология - тестове - учебни помагала |
| 9 (RLIN) | 241798 |
| 700 1# - Други автори (авторска отговорност) | |
| Лично име | Димитрова, Величка Атанасова |
| Автороска отговорност (Описва отношението между автора и произведението) | съавт. |
| 9 (RLIN) | 372252 |
| 700 1# - Други автори (авторска отговорност) | |
| Лично име | Ставрева, Галя Цветанова |
| Автороска отговорност (Описва отношението между автора и произведението) | съавт. |
| 9 (RLIN) | 382480 |
| 852 ## - Местоположение | |
| Форматна сигнатура | Цб 173188 |
| Фондова буква | Хранилище |
| 856 4# - Електронен адрес и достъп | |
| Електронен формат | pdf - файл |
| Инструкция (цена за достъп) | 0.00 |
| Права за достъп | disable |
| 856 4# - Електронен адрес и достъп | |
| Електронен формат | pdf - файл |
| Инструкция (цена за достъп) | 0.00 |
| Права за достъп | disable |
| 999 ## - СИСТЕМНИ КОНТРОЛНИ НОМЕРА | |
| Koha biblionumber | 168351 |
| Koha biblioitemnumber | 168351 |
| 942 ## - АРТИКУЛИ | |
| Вид на библиотечния материал | Книги |
| Скрит в OPAC | Не |
| Периодичен библиозапис | Да |
| 944 ## - СЪЗДАВАНЕ И РЕДАКЦИЯ на ЗАПИСА | |
| Създаване/Редакция | Създаване |
| Дата на регистрацията/редакция | 02.06.2015 |
| Служител, извършил регистрацията/редакцията | Нора_Радева |
| 944 ## - СЪЗДАВАНЕ И РЕДАКЦИЯ на ЗАПИСА | |
| Създаване/Редакция | Редакция |
| Дата на регистрацията/редакция | 18.02.2016 |
| Служител, извършил регистрацията/редакцията | Кети_Илиева |
| 999 ## - СИСТЕМНИ КОНТРОЛНИ НОМЕРА | |
| Koha biblioitemnumber | 168351 |
| Код за отписване | Код за изгубен артикул | Източник на класификационната схема | Код за повреда | Коз за рестрикции | Код за отдаване | Артикулен № | Име на библиотеката - собственик | Име на библиотеката, в която се намира в момента | Статус (Текущо местоположение) | Дата на вписване в системата | Местоположение - отдел | Цена в лева | Инвентарен номер | Систематично азбучна сигнатура | Баркод | Номер на екземпляра | Цена в евро | Служебна бележка | Служебен тип на артикула |
|---|---|---|---|---|---|---|---|---|---|---|---|---|---|---|---|---|---|---|---|
| Не е изгубен | Universal Decimal Classification | Не е повреден | без рестрикции | ползва се в читалня | 284182 | Регионална библиотека "Любен Каравелов" Русе | Регионална библиотека "Любен Каравелов" Русе | Хранилище | 1992-01-01 | Хранилище | 1.12 | 580033 | Цб 173188 | 120000580033 | 1 | 0.57 | Дост: Dp Вид: Д N: стар фонд Дата: 01.01.1992 | Книги | |
| Не е изгубен | Universal Decimal Classification | Не е повреден | без рестрикции | заемане за дома | 284183 | Регионална библиотека "Любен Каравелов" Русе | Регионална библиотека "Любен Каравелов" Русе | Детски отдел | 1992-01-01 | Детски отдел | 1.12 | 586151 | ДН 373.3.016:502/504/K 45 | 120000586151 | 2 | 0.57 | Вид: Сф N: стар фонд Дата: 01.01.1992 Дата инв: 21.08.2015 Бележки инв: Д2015 | Книги |